<?xml version="1.0" encoding="UTF-8"?>
<collection xmlns="http://www.loc.gov/MARC21/slim">
 <record>
  <leader>01737nab a2200205 i 4500</leader>
  <controlfield tag="001">acta29861</controlfield>
  <controlfield tag="005">20210505151427.0</controlfield>
  <controlfield tag="008">161017s2011    hu      o     0||   hun d</controlfield>
  <datafield tag="022" ind1=" " ind2=" ">
   <subfield code="a">1789-6339</subfield>
  </datafield>
  <datafield tag="040" ind1=" " ind2=" ">
   <subfield code="a">SZTE Egyetemi Kiadványok Repozitórium</subfield>
   <subfield code="b">hun</subfield>
  </datafield>
  <datafield tag="041" ind1=" " ind2=" ">
   <subfield code="a">hun</subfield>
  </datafield>
  <datafield tag="100" ind1="1" ind2=" ">
   <subfield code="a">Suba János</subfield>
  </datafield>
  <datafield tag="245" ind1="1" ind2="2">
   <subfield code="a">A visszatért Felvidék határának megállapítása </subfield>
   <subfield code="h">[elektronikus dokumentum] :</subfield>
   <subfield code="b">1938-1939 /</subfield>
   <subfield code="c"> Suba János</subfield>
  </datafield>
  <datafield tag="260" ind1=" " ind2=" ">
   <subfield code="c">2011</subfield>
  </datafield>
  <datafield tag="300" ind1=" " ind2=" ">
   <subfield code="a">102-113</subfield>
  </datafield>
  <datafield tag="490" ind1="0" ind2=" ">
   <subfield code="a">Közép-európai közlemények</subfield>
   <subfield code="v">4 No. 1</subfield>
  </datafield>
  <datafield tag="520" ind1="3" ind2=" ">
   <subfield code="a">The borders set by § 1 of the Vienna Arbitration on 2nd November were drawn on a map of a 1 : 750 000 scale.  Because of its small scale, this map did not indicate clearly where some smaller municipalities in the border region would belong. (The actual width of the line itself covered a 750m wide strip of land, crossing through hills and dells.) There was a committee set up to interpret and  explain  the  new  border  line  drawn  by  the  Vienna  Decision.  It  was  called  the  Hungarian-Czechoslovakian Border Setting Committee. The committee’s task was to define the exact route of the border line and to define national belonging of the municipalities along it for the piece of land between the Danube and the River Ung. The Committee was in session from 3rd November 1938 to March 1939. Throughout its 25 sessions it made decisions about the border line’s detailed and precise route that were acceptable to both parties involved. The Hungarian-Slovakian border was set out in complete on 7th March 1939.</subfield>
  </datafield>
  <datafield tag="695" ind1=" " ind2=" ">
   <subfield code="a">Történelemtudomány</subfield>
  </datafield>
  <datafield tag="710" ind1=" " ind2=" ">
   <subfield code="a">Régiótörténeti Kutatások Konferencia, 2010, 2., Szeged</subfield>
  </datafield>
  <datafield tag="856" ind1="4" ind2="0">
   <subfield code="u">http://acta.bibl.u-szeged.hu/29861/1/kek_012_102-113.pdf</subfield>
   <subfield code="z">Dokumentum-elérés </subfield>
  </datafield>
 </record>
</collection>
